<?xml version="1.0" encoding="UTF-8"?><marc:collection xmlns:marc="http://www.loc.gov/MARC21/slim">
  <marc:record>
    <marc:leader>00000nam  2200000zi 4500</marc:leader>
    <marc:controlfield tag="001">9.946535</marc:controlfield>
    <marc:controlfield tag="003">CaOODSP</marc:controlfield>
    <marc:controlfield tag="005">20250224144124</marc:controlfield>
    <marc:controlfield tag="006">m     o  d f      </marc:controlfield>
    <marc:controlfield tag="007">cr mn|||||||||</marc:controlfield>
    <marc:controlfield tag="008">250106s1981    onc     o    f000 0 fre d</marc:controlfield>
    <marc:datafield tag="040" ind1=" " ind2=" ">
      <marc:subfield code="a">CaOODSP</marc:subfield>
      <marc:subfield code="b">fre</marc:subfield>
      <marc:subfield code="e">rda</marc:subfield>
      <marc:subfield code="c">CaOODSP</marc:subfield>
    </marc:datafield>
    <marc:datafield tag="043" ind1=" " ind2=" ">
      <marc:subfield code="a">n-cn---</marc:subfield>
      <marc:subfield code="a">ncpn---</marc:subfield>
      <marc:subfield code="a">nwco---</marc:subfield>
      <marc:subfield code="a">s-ve---</marc:subfield>
      <marc:subfield code="a">nwdr---</marc:subfield>
    </marc:datafield>
    <marc:datafield tag="086" ind1="1" ind2=" ">
      <marc:subfield code="a">Id37-21/1981F-PDF</marc:subfield>
    </marc:datafield>
    <marc:datafield tag="245" ind1="0" ind2="0">
      <marc:subfield code="a">Rapport de la mission sur le porc et les produits du porc au Panama, à Curaçao, au Venezuela et en République dominicaine, 17 au 27 mars 1981.</marc:subfield>
    </marc:datafield>
    <marc:datafield tag="264" ind1=" " ind2="1">
      <marc:subfield code="a">[Ottawa] : </marc:subfield>
      <marc:subfield code="b">Gouvernement du Canada, Industrie et commerce = Government of Canada, Industry, Trade and Commerce, </marc:subfield>
      <marc:subfield code="c">[1981?]</marc:subfield>
    </marc:datafield>
    <marc:datafield tag="300" ind1=" " ind2=" ">
      <marc:subfield code="a">1 ressource en ligne (37 pages)</marc:subfield>
    </marc:datafield>
    <marc:datafield tag="336" ind1=" " ind2=" ">
      <marc:subfield code="a">texte</marc:subfield>
      <marc:subfield code="b">txt</marc:subfield>
      <marc:subfield code="2">rdacontent/fre</marc:subfield>
    </marc:datafield>
    <marc:datafield tag="337" ind1=" " ind2=" ">
      <marc:subfield code="a">informatique</marc:subfield>
      <marc:subfield code="b">c</marc:subfield>
      <marc:subfield code="2">rdamedia/fre</marc:subfield>
    </marc:datafield>
    <marc:datafield tag="338" ind1=" " ind2=" ">
      <marc:subfield code="a">ressource en ligne</marc:subfield>
      <marc:subfield code="b">cr</marc:subfield>
      <marc:subfield code="2">rdacarrier/fre</marc:subfield>
    </marc:datafield>
    <marc:datafield tag="500" ind1=" " ind2=" ">
      <marc:subfield code="a">Publié aussi en anglais sous le titre : Report of the Canadian pork and pork products mission to Panama, Curaçao, Venezuela and the Dominican Republic, March 17-27, 1981.</marc:subfield>
    </marc:datafield>
    <marc:datafield tag="500" ind1=" " ind2=" ">
      <marc:subfield code="a">Édition numérisée de l'imprimé [par Innovation, sciences et développement économique Canada].</marc:subfield>
    </marc:datafield>
    <marc:datafield tag="650" ind1=" " ind2="6">
      <marc:subfield code="a">Porc (Viande)</marc:subfield>
      <marc:subfield code="x">Industrie</marc:subfield>
      <marc:subfield code="z">Canada.</marc:subfield>
    </marc:datafield>
    <marc:datafield tag="650" ind1=" " ind2="6">
      <marc:subfield code="a">Porcs</marc:subfield>
      <marc:subfield code="x">Industrie</marc:subfield>
      <marc:subfield code="z">Canada.</marc:subfield>
    </marc:datafield>
    <marc:datafield tag="650" ind1=" " ind2="6">
      <marc:subfield code="a">Études de marché</marc:subfield>
      <marc:subfield code="z">Panamá.</marc:subfield>
    </marc:datafield>
    <marc:datafield tag="650" ind1=" " ind2="6">
      <marc:subfield code="a">Études de marché</marc:subfield>
      <marc:subfield code="z">Antilles néerlandaises</marc:subfield>
      <marc:subfield code="z">Curaçao.</marc:subfield>
    </marc:datafield>
    <marc:datafield tag="650" ind1=" " ind2="6">
      <marc:subfield code="a">Études de marché</marc:subfield>
      <marc:subfield code="z">Venezuela.</marc:subfield>
    </marc:datafield>
    <marc:datafield tag="650" ind1=" " ind2="6">
      <marc:subfield code="a">Études de marché</marc:subfield>
      <marc:subfield code="z">République dominicaine.</marc:subfield>
    </marc:datafield>
    <marc:datafield tag="651" ind1=" " ind2="6">
      <marc:subfield code="a">Canada</marc:subfield>
      <marc:subfield code="x">Commerce</marc:subfield>
      <marc:subfield code="z">Panamá.</marc:subfield>
    </marc:datafield>
    <marc:datafield tag="651" ind1=" " ind2="6">
      <marc:subfield code="a">Canada</marc:subfield>
      <marc:subfield code="x">Commerce</marc:subfield>
      <marc:subfield code="z">Antilles néerlandaises</marc:subfield>
      <marc:subfield code="z">Curaçao.</marc:subfield>
    </marc:datafield>
    <marc:datafield tag="651" ind1=" " ind2="6">
      <marc:subfield code="a">Canada</marc:subfield>
      <marc:subfield code="x">Commerce</marc:subfield>
      <marc:subfield code="z">Venezuela.</marc:subfield>
    </marc:datafield>
    <marc:datafield tag="651" ind1=" " ind2="6">
      <marc:subfield code="a">Canada</marc:subfield>
      <marc:subfield code="x">Commerce</marc:subfield>
      <marc:subfield code="z">République dominicaine.</marc:subfield>
    </marc:datafield>
    <marc:datafield tag="710" ind1="1" ind2=" ">
      <marc:subfield code="a">Canada. </marc:subfield>
      <marc:subfield code="b">Industrie et commerce, </marc:subfield>
      <marc:subfield code="e">organisme de publication.</marc:subfield>
    </marc:datafield>
    <marc:datafield tag="775" ind1="0" ind2="8">
      <marc:subfield code="t">Report of the Canadian pork and pork products mission to Panama, Curaçao, Venezuela and the Dominican Republic, March 17-27, 1981.</marc:subfield>
      <marc:subfield code="w">(CaOODSP)9.933141</marc:subfield>
    </marc:datafield>
    <marc:datafield tag="856" ind1="4" ind2="0">
      <marc:subfield code="q">PDF</marc:subfield>
      <marc:subfield code="s">671 Ko</marc:subfield>
      <marc:subfield code="u">https://publications.gc.ca/collections/collection_2025/isde-ised/Id37-21-1981-fra.pdf</marc:subfield>
    </marc:datafield>
  </marc:record>
</marc:collection>
